00265nam a2200121Ia 4500008004100000100001300041245002400054260002200078300000800100650001300108942000700121999001500128190216s9999||||xx |||||||||||||| ||und|| aKannan K 0aOperations Research bAnuradha Agencies a290 aCommerce cBK c7096d7096